Представление документа в формате MARC21

Поле Инд. ПП Название Значение
Тип записи a
Библиографический уровень m
001 Контрольный номер ccbf1c79-43ba-4f39-8b32-3e8d37b0df26
005 Дата корректировки 20140227000229.8
008 Кодируемые данные 021015
020 a ISBN 5-89251-102-2
c Цена, тираж 148.75
040 a Служба первич. каталог. НБ ТвГУ
041 a Код языка текста rus
080 a Индекс УДК 681.3.067
a Индекс УДК 681.324.067
084 a Индекс другой классификации/Индекс ББК З973.2-018.2
a Индекс другой классификации/Индекс ББК З973.202-018.2
090 a Полочн. индекс З973.2
x Авторский знак П78
245 10 a Заглавие Программирование алгоритмов защиты информации
b Продолж. заглавия Учеб. пособие
c Ответственность А. В. Домашнев, М. М. Грунтович, В. О. Попов и др.
250 a Основные сведения об издании 2-е изд.
b Дополнительные сведения об издании испр. и доп.
260 0_ a Место издания Москва
b Издательство Молгачева С. В.
b Издательство Нолидж
c Дата издания 2002
300 a Объем 411 с.
b Иллюстрации/ тип воспроизводства табл.
583 a Действие Получение впервые 421 12.10.2002
k Исполнитель действия ООО "Книжный мир"
650 a Основная рубрика Компьютеры
x Основная подрубрика Защита информации
650 a Основная рубрика Компьютерные системы и сети
650 a Основная рубрика Криптография
653 a Ключевые слова Алгоритмы защиты информации
a Ключевые слова Защита информации
a Ключевые слова Компьютерные системы
a Ключевые слова Компьютеры
a Ключевые слова Криптография
a Ключевые слова Программирование
700 1_ a Другие авторы Домашнев Алексей Владимирович
e Роль лиц авт.
700 1_ a Другие авторы Грунтович Михаил Михайлович
e Роль лиц авт.
700 1_ a Другие авторы Попов Владимир Олегович
e Роль лиц авт.
700 1_ a Другие авторы Правиков Дмитрий Игоревич
e Роль лиц авт.
700 1_ a Другие авторы Прокофьев Игорь Викторович
e Роль лиц авт.
700 1_ a Другие авторы Щербаков Андей Юрьевич
e Роль лиц авт.
852 t Порядковый номер экземпляра 4
p Инвентарный номер 752002
p Инвентарный номер 752003
p Инвентарный номер 752004
p Инвентарный номер 752005
888 a За счет средств экономического фак-та
930 a Новая/Ретро учебники
952 p 421.2002 148.75 1 752002
p 421.2002 148.75 1 752003
p 421.2002 148.75 1 752004
p 421.2002 148.75 1 752005
c Вид литературы К ру
954 a Дата поступления на обработку 20021018
999 a Подразделение 2 Фил1